Sports Quiz

Random Sports Quiz

Colorado Rockies Relief Pitchers 1993-2017 Quiz Stats

Quiz not verified by Sporcle

Challenge
Share
Tweet
Embed
Score 0/128 Timer 12:00
0 Plays Today
Year Pitcher % Correct
2009Huston Street
88.7%
2010Huston Street
88.7%
2003Brian Fuentes
87.2%
2004Brian Fuentes
87.2%
2005Brian Fuentes
87.2%
2006Brian Fuentes
87.2%
2007Brian Fuentes
87.2%
2008Brian Fuentes
87.2%
2000Jose Jimenez
77.4%
2001Jose Jimenez
77.4%
2002Jose Jimenez
77.4%
2003Jose Jimenez
77.4%
2014LaTroy Hawkins
72%
2017Greg Holland
71.4%
2007Manny Corpas
67.7%
2008Manny Corpas
67.7%
2009Manny Corpas
67.7%
2010Manny Corpas
67.7%
2002Todd Jones
66.2%
2010Rafael Betancourt
59.4%
2004Shawn Chacon
57.1%
2012Rafael Betancourt
56.4%
2011Huston Street
56.4%
2000Gabe White
53.4%
2001Gabe White
53.4%
1995Curt Leskanic
51.1%
1996Curt Leskanic
51.1%
1997Curt Leskanic
51.1%
1998Curt Leskanic
51.1%
1999Curt Leskanic
51.1%
2016Chad Qualls
50%
2007LaTroy Hawkins
49.6%
2013Wilton Lopez
47.3%
2013Rex Brothers
45.9%
1993Steve Reed
45.1%
1993Bruce Ruffin
45.1%
1994Bruce Ruffin
45.1%
1994Steve Reed
45.1%
1995Steve Reed
45.1%
1995Bruce Ruffin
45.1%
1996Bruce Ruffin
45.1%
1996Steve Reed
45.1%
1997Steve Reed
45.1%
Year Pitcher % Correct
2003Steve Reed
45.1%
2004Steve Reed
45.1%
2016Boone Logan
45%
2012Rex Brothers
44.9%
1993Darren Holmes
44.4%
1994Darren Holmes
44.4%
1995Darren Holmes
44.4%
1996Darren Holmes
44.4%
2015Rafael Betancourt
44.1%
2014Matt Belisle
44%
2003Javier Lopez
42.9%
2004Javier Lopez
42.9%
2009Franklin Morales
42.9%
2006Jose Mesa
42.1%
2010Matt Belisle
41.4%
2015John Axford
41.2%
2016Jake McGee
40%
2000Mike Myers
39.1%
2001Mike Myers
39.1%
2011Rafael Betancourt
38.3%
2015Boone Logan
38.2%
2014Rex Brothers
38%
2013Matt Belisle
37.8%
2012Matt Belisle
37.2%
2001Kane Davis
36.8%
2006Ray King
33.8%
1998Dave Veres
32.3%
1999Dave Veres
32.3%
2006Tom Martin
32.3%
2016Carlos Estevez
30%
2007Jeremy Affeldt
28.6%
2017Adam Ottavino
28.6%
2017Jake McGee
28.6%
2006Ramon Ramirez
27.8%
2008Taylor Buchholz
27.1%
2008Matt Herges
27.1%
2011Matt Belisle
26.3%
1997Jerry DiPoto
24.8%
1998Jerry DiPoto
24.8%
1999Jerry DiPoto
24.8%
1998Chuck McElroy
24.1%
1999Chuck McElroy
24.1%
1994Willie Blair
23.3%
Year Pitcher % Correct
2010Joe Beimel
23.3%
2012Matt Reynolds
23.1%
1997Mike DeJean
22.6%
1998Mike DeJean
22.6%
1999Mike DeJean
22.6%
2000Mike DeJean
22.6%
2005Mike DeJean
22.6%
2001Justin Speier
21.1%
2002Justin Speier
21.1%
2002Dennys Reyes
21.1%
2003Justin Speier
21.1%
2014Adam Ottavino
20%
2009Alan Embree
19.5%
1994Mike Munoz
18%
1995Mike Munoz
18%
1996Mike Munoz
18%
1997Mike Munoz
18%
2002Kent Mercker
16.5%
2007Jorge Julio
16.5%
2011Matt Reynolds
16.5%
1994Marcus Moore
15.8%
2000Stan Belinda
15.8%
2016Gonzalez Germen
15%
2015Christian Friedrich
14.7%
2011Matt Lindstrom
14.3%
2017Mike Dunn
14.3%
2017Scott Oberg
14.3%
2010Randy Flores
13.5%
2013Adam Ottavino
13.5%
2009Matt Daley
12%
2015Scott Oberg
11.8%
1993Gary Wayne
11.3%
1993Jeff Parrett
11.3%
2013Josh Outman
10.8%
2005David Cortes
8.3%
2008Jason Grilli
8.3%
2014Tommy Kahnle
8%
2005Scott Dohmann
7.5%
2005Jay Witasick
7.5%
2004Tim Harikkala
6.8%
2012Josh Roenicke
6.4%
2005Marcos Carvajal
4.5%

You're not logged in!

Compare scores with friends on all Sporcle quizzes.
Sign Up with Email
OR
Log In

You Might Also Like...

Show Comments

Extras

Top Quizzes Today


Score Distribution

Your Account Isn't Verified!

In order to create a playlist on Sporcle, you need to verify the email address you used during registration. Go to your Sporcle Settings to finish the process.